000 00443nam a2200181Ia 4500
001 18966
005 20260306171709.0
008 260306s9999||||xx |||||||||||||| ||und||
041 _aESP
082 _a658.575
_bA37
100 _aAlcaide Marzal, Jorge
_eAUT
245 0 _aDiseño de producto:
_bMétodos y técnicas
260 _c2006
300 _a378 páginas :
_c23 cm.
650 _aGEN
654 _aCAN
942 _cLIB
_dJUS
_fJUS
_2ddc
_n
999 _c18966
_d18966